01119nam a22002057a 4500003000900000008004100009040007100050082002400121100002500145245004300170260004400213300002800257505044700285650002700732650002600759650003900785650001300824700003700837700003900874AR-CdUCM190225b ||||| |||| 00| 0 spa d aMUNICIPALIDAD PROVINCIAL DEL CUSCOcBIBLIOTECA MUNICIPAL DEL CUSCO 23ed. a828.9 /bG78 aGraves, Robert Ranke aLawrence :brey sin corona de Arabia / aArgentina : bEdiciones Peuser, c1958. a284 páginas ;c23 cm. aAl estallar la primera guerra mundial, Lawrence era capitán del estado mayor del Servicio Británico de Inteligencia en Egipto. Pero se mostraba rebelde a las formalidades rutinarias y sus cáusticas observaciones lo malquistaron con algunos colegas. Renunció y pidió ser trasladado a la Oficina Árabe, dependiente del departamento de Relaciones Exteriores, cuya misión era la de fomentar el alzamiento árabe contra los turcos. aThomas Edward Lawrence aNarrativa histórica aLiteratura inlgesa contemporánea aSiglo XX aEchevarria, Jorge (Traductor)  aGiambiagi, Juan José (Traductor)